Minecraft Loot: Trial Chambers Pot - Statistics

General Stats
  • This quiz has been taken 11 times
  • The average score is 4 of 8
Answer Stats
Pool Item Stack Size Weight % Correct
1(1) Emerald 1-3 36%
70%
1(1) Diamond 1-2 1.4%
60%
1(1) Arrow 2-8 28%
50%
1(1) Iron Ingot 1-2 28%
50%
1(1) Block of Diamond 1 0.3%
40%
1(1) Block of Emerald 1 1.4%
40%
1(1) Trial Key 1 2.8%
40%
1(1) Music Disc (Creator Music Box) 1 1.4%
10%
No matching quizzes found
Score Distribution
Percent of People with Each Score
Percentile by Number Answered
Your Score History
You have not taken this quiz